000 00527nam a2200169Ia 4500
008 090711s9999 xx 000 0 und d
082 _b41636
100 _aवाळिंबे वि. स.
245 _aमारुती कारस्थान
260 _c1979
300 _a200
600 _aवाळिंबे वि. स.
630 _aमारुती कारस्थान
700 _aवाळिंबे वि. स.
730 _aमारुती कारस्थान
942 _cBOOK
999 _c293817
_d293817